[Event "Lliga Catalana DH "]
[Site "?"]
[Date "2018.03.17"]
[Round "9.6"]
[White "Vinardell Cruañas, Sergi"]
[Black "Romero Calderon, Juan"]
[Result "1-0"]
[WhiteElo "2291"]
[BlackElo "2301"]
[PlyCount "103"]
[EventDate "2018.??.??"]
[SourceDate "2015.07.10"]
[WhiteTeam "OLO"]
[BlackTeam "SCU"]

1. e4 e6 2. d4 d5 3. Nc3 Nf6 4. e5 Nfd7 5. f4 c5 6. Nf3 Nc6 7. Be3 cxd4 8. Nxd4
Bc5 9. Qd2 Nxd4 10. Bxd4 O-O 11. O-O-O f6 12. exf6 Bxd4 13. Qxd4 Qxf6 14. g3
Qxd4 15. Rxd4 Nc5 16. b4 Nd7 17. Bd3 a5 18. b5 Nc5 19. a4 Bd7 20. Kd2 Rac8 21.
Re1 Rc7 22. f5 Nxd3 23. cxd3 Rxf5 24. Rf4 g6 25. Ne2 Kg7 26. Nd4 Rh5 27. Nxe6+
Bxe6 28. Rxe6 Rxh2+ 29. Ke3 Rd7 30. Kd4 Ra2 31. Kc5 Ra3 32. Rd4 Rc3+ 33. Kb6
Rc8 34. Kxa5 Rf8 35. Re5 Rf5 36. Rxf5 gxf5 37. Kb6 Kf6 38. a5 Ke5 39. Rh4 d4
40. a6 bxa6 41. bxa6 Rd6+ 42. Kb7 Rd7+ 43. Kb8 Rg7 44. a7 Rxg3 45. a8=Q Rg8+
46. Kb7 Rxa8 47. Kxa8 h6 48. Kb7 f4 49. Rh5+ Ke6 50. Kc6 Kf6 51. Kd5 Kg6 52.
Rh3 1-0

[Event "Lliga Catalana DH "]
[Site "?"]
[Date "2018.03.17"]
[Round "9.7"]
[White "Sierra Montoya, Miquel"]
[Black "Pinyol Clapera, David"]
[Result "0-1"]
[WhiteElo "2276"]
[BlackElo "2239"]
[PlyCount "164"]
[EventDate "2018.??.??"]
[SourceDate "2015.07.10"]
[WhiteTeam "SCU"]
[BlackTeam "OLO"]

1. e4 c6 2. d4 d5 3. e5 Bf5 4. Nc3 h5 5. Bd3 Bxd3 6. Qxd3 e6 7. Be3 Nh6 8. Nge2
Nd7 9. O-O Qc7 10. Nb1 O-O-O 11. Nd2 Be7 12. f4 Nf5 13. Nf3 Kb8 14. c3 h4 15.
Ng5 Rdf8 16. b3 c5 17. Rac1 c4 18. Qd2 Qc6 19. Kh1 f6 20. Nh3 Nb6 21. Neg1 Rc8
22. b4 Rce8 23. Nf3 Bd8 24. Bf2 Qd7 25. Rb1 Qf7 26. b5 Reg8 27. Be3 Nc8 28. Qe2
Re8 29. Bd2 Nce7 30. Rfe1 Ng6 31. a4 Bc7 32. Ra1 Qd7 33. Rf1 Nge7 34. Qd1 Ng8
35. Qb1 Ngh6 36. a5 Bd8 37. b6 a6 38. Qd1 Rhg8 39. Qe1 Qf7 40. Nxh4 Nxh4 41.
Qxh4 Nf5 42. Qf2 Rh8 43. Qe2 Rh7 44. Rae1 Qd7 45. Kg1 Qb5 46. Ra1 Kc8 47. Rfe1
Qd7 48. Nf2 Qf7 49. h3 Qg6 50. Qg4 Qf7 51. Qf3 fxe5 52. Rxe5 Bf6 53. Re2 Rh6
54. Ng4 Rhh8 55. Ne5 Bxe5 56. fxe5 Qg6 57. Be1 Ref8 58. Rf2 Qe8 59. Qf4 Kd7 60.
Qh2 Ne3 61. Bd2 Rxf2 62. Bxe3 Rf5 63. Qg3 Qf7 64. Kh2 Rf8 65. Re1 Qe7 66. Rb1
R8f7 67. Ra1 Rf1 68. Rxf1 Rxf1 69. Bg5 Qf7 70. Qh4 Kc6 71. Qh8 Kb5 72. Qc8 Qf8
73. Qxe6 Ka4 74. Qxd5 Qc8 75. Qd6 Kb3 76. e6 Kxc3 77. Qd7 Rf8 78. d5 Kb3 79. d6
Qc5 80. e7 Qe5+ 81. Kg1 Qe1+ 82. Kh2 Rf1 0-1

[Event "Lliga Catalana DH "]
[Site "?"]
[Date "2018.03.17"]
[Round "4.8"]
[White "Pages Rafart, Jordi"]
[Black "Sorroche Martin, Jose Maria"]
[Result "0-1"]
[WhiteElo "2232"]
[BlackElo "2243"]
[PlyCount "72"]
[EventDate "2018.??.??"]
[SourceDate "2015.07.10"]
[WhiteTeam "OLO"]
[BlackTeam "SCU"]

1. d4 d5 2. c4 c6 3. Nc3 e6 4. e3 f5 5. Bd3 Nf6 6. Nge2 Be7 7. O-O O-O 8. Qc2
Ne4 9. f3 Nd6 10. b3 Na6 11. a3 Nc7 12. Bd2 Qe8 13. e4 Bd7 14. e5 dxc4 15. bxc4
Nf7 16. c5 Rd8 17. Qb3 Bc8 18. Qc2 Qd7 19. f4 Bxc5 20. Be3 Nh6 21. h3 Be7 22.
Bc4 Nd5 23. Bf2 g5 24. fxg5 Bxg5 25. Nxd5 exd5 26. Bd3 Qg7 27. Rae1 Be6 28. Kh1
Kh8 29. Bg3 Be7 30. Nf4 Bc8 31. Bh2 Bxa3 32. Qa4 Qe7 33. Qxa7 b5 34. Qb6 Bb7
35. Re2 Ra8 36. Nh5 Ra6 0-1

[Event "Lliga Catalana DH "]
[Site "?"]
[Date "2018.03.17"]
[Round "9.9"]
[White "Barcelo Tizon, Cristian"]
[Black "Vall de Vilamaro, Jordi"]
[Result "1-0"]
[WhiteElo "2156"]
[BlackElo "2227"]
[PlyCount "117"]
[EventDate "2018.??.??"]
[SourceDate "2015.07.10"]
[WhiteTeam "SCU"]
[BlackTeam "OLO"]

1. c4 Nf6 2. g3 g6 3. Bg2 Bg7 4. Nc3 c5 5. e4 Nc6 6. Nge2 h5 7. h3 d6 8. d3 Bd7
9. Be3 a6 10. Qd2 b5 11. cxb5 axb5 12. Nxb5 Na5 13. Na3 Bc6 14. O-O Qb6 15.
Rab1 Qa6 16. Qc2 O-O 17. f4 Rfc8 18. Nc3 Qb7 19. f5 Nd7 20. fxg6 fxg6 21. Nc4
Nxc4 22. dxc4 Ne5 23. b3 Rf8 24. Nd5 Qa7 25. a4 e6 26. Nf4 Qe7 27. Bd2 Be8 28.
Nd3 Nc6 29. Rxf8+ Qxf8 30. Be3 Rb8 31. Nf4 g5 32. Nxe6 Qf6 33. Nxg7 Kxg7 34.
Qd2 g4 35. h4 Ne5 36. Bf4 Rb6 37. Qc3 Qe6 38. Bxe5+ dxe5 39. Rf1 Qd6 40. Rf5
Qd4+ 41. Qxd4 exd4 42. Rxc5 Rxb3 43. Rd5 d3 44. Bf1 d2 45. Rxd2 Rxg3+ 46. Kh2
Rf3 47. Bg2 Ra3 48. e5 Rxa4 49. Rc2 Bg6 50. Rc3 Ra2 51. Kg3 Ra7 52. c5 Kf7 53.
Bd5+ Ke7 54. c6 Rc7 55. Kf4 Be8 56. Kg5 Kd8 57. Kf6 Ra7 58. Rb3 Ra5 59. Be4 1-0

[Event "Lliga Catalana DH "]
[Site "?"]
[Date "2018.03.17"]
[Round "9.10"]
[White "Lazaro Pujol, Abel"]
[Black "Macaya Ruiz, Alfons"]
[Result "1-0"]
[WhiteElo "2110"]
[BlackElo "2176"]
[PlyCount "91"]
[EventDate "2018.??.??"]
[SourceDate "2015.07.10"]
[WhiteTeam "OLO"]
[BlackTeam "SCU"]

1. e4 c5 2. Nf3 e6 3. d4 cxd4 4. Nxd4 Nc6 5. Nc3 Qc7 6. Be2 a6 7. O-O Nf6 8.
Be3 Bb4 9. Na4 Be7 10. c4 Nxe4 11. c5 Rb8 12. Bd3 Nf6 13. Rc1 Nd5 14. Nb6 Nxe3
15. fxe3 Qe5 16. Nc4 Qxc5 17. Qg4 O-O 18. Qg3 d6 19. Qh3 g6 20. Nd2 Qe5 21.
Rxc6 Qa5 22. N4b3 Qxa2 23. Rc7 Bd8 24. Rc2 Bd7 25. Ra1 Qxa1+ 26. Nxa1 d5 27.
Nab3 Ba4 28. Rc1 Bf6 29. Rf1 Bg7 30. Nd4 Bd7 31. N4f3 f5 32. Nb3 Rbd8 33. Nc5
Bc8 34. Nd4 Rfe8 35. Bb1 e5 36. Nf3 b6 37. Na4 f4 38. Qh4 fxe3 39. Bxg6 h6 40.
Bxe8 Rxe8 41. Nxb6 d4 42. Qe4 Be6 43. Nd5 Kh8 44. Nc7 Re7 45. Nxe6 Rxe6 46.
Nxd4 1-0

[Event "Lliga Catalana DH "]
[Site "?"]
[Date "2018.03.17"]
[Round "9.1"]
[White "Alonso Rosell, Alvar"]
[Black "Jerez Perez, Alfonso"]
[Result "1-0"]
[WhiteElo "2532"]
[BlackElo "2456"]
[PlyCount "46"]
[EventDate "2018.??.??"]
[SourceDate "2015.07.10"]
[WhiteTeam "GER"]
[BlackTeam "FOM"]

1. d4 Nf6 2. Nf3 g6 3. Bf4 Bg7 4. e3 O-O 5. Be2 d6 6. h3 c5 7. c3 Be6 8. dxc5
dxc5 9. Nbd2 Nc6 10. O-O Bf5 11. Bh2 Bd3 12. a4 b6 13. Nc4 Bxe2 14. Qxe2 Qc8
15. e4 Qe6 16. Rfe1 Rad8 17. Nce5 Qc8 18. Ra2 Nxe5 19. Nxe5 Rd6 20. Nc4 Rd7 21.
Rea1 Rdd8 22. Bf4 Nd7 23. Qe3 Qa6 {ilegible} 1-0

[Event "Lliga Catalana DH "]
[Site "?"]
[Date "2018.03.17"]
[Round "9.2"]
[White "Granados Gomez, Manuel"]
[Black "Valle Maytin, Luis Enrique"]
[Result "1-0"]
[WhiteElo "2446"]
[BlackElo "2363"]
[PlyCount "81"]
[EventDate "2018.??.??"]
[SourceDate "2015.07.10"]
[WhiteTeam "FOM"]
[BlackTeam "GER"]

1. c4 c6 2. Nf3 d5 3. e3 Nf6 4. Nc3 g6 5. d4 Bg7 6. Bd2 O-O 7. Rc1 Nbd7 8. cxd5
Nxd5 9. e4 Nxc3 10. Bxc3 b6 11. Be2 c5 12. d5 Nf6 13. Qc2 e6 14. dxe6 Bxe6 15.
O-O Qe7 16. Nd2 Rad8 17. Rce1 Bd7 18. a4 Bc6 19. Bc4 Qb7 20. f3 Rd7 21. Bb5 Ne8
22. Nc4 Bxb5 23. axb5 Nc7 24. Qa4 Bd4+ 25. Kh1 Bxc3 26. bxc3 Rd3 27. Qc2 Rfd8
28. Ne5 Rd2 29. Qb3 Ne6 30. Ra1 Nf4 31. Nc6 Ra8 32. Rfd1 Rxg2 33. Ne5 Qe7 34.
Rd7 Rxh2+ 35. Kg1 Rh1+ 36. Kf2 Rh2+ 37. Kg1 Rh1+ 38. Kf2 Nh3+ 39. Kg2 Nf4+ 40.
Kf2 Qh4+ 41. Ke3 {tiempo} 1-0

[Event "Lliga Catalana DH "]
[Site "?"]
[Date "2018.03.17"]
[Round "9.3"]
[White "Molina Carretero, Daniel"]
[Black "Mestre Bellido, Hector"]
[Result "1/2-1/2"]
[WhiteElo "2329"]
[BlackElo "2353"]
[PlyCount "28"]
[EventDate "2018.??.??"]
[SourceDate "2015.07.10"]
[WhiteTeam "GER"]
[BlackTeam "FOM"]

1. d4 Nf6 2. c4 b6 3. Nf3 Bb7 4. g3 Bxf3 5. exf3 d5 6. Nc3 g6 7. Qb3 e6 8. cxd5
Nxd5 9. Nxd5 Qxd5 10. Bc4 Qxd4 11. O-O Bg7 12. Bxe6 O-O 13. Rd1 Qf6 14. Bd5 c6
1/2-1/2

[Event "Lliga Catalana DH "]
[Site "?"]
[Date "2018.03.17"]
[Round "9.4"]
[White "Mediña Masdeu, Rasen"]
[Black "Torrecilla Martinez, Antoni"]
[Result "1/2-1/2"]
[WhiteElo "2308"]
[BlackElo "2384"]
[PlyCount "156"]
[EventDate "2018.??.??"]
[SourceDate "2015.07.10"]
[WhiteTeam "GER"]
[BlackTeam "FOM"]

1. e4 c5 2. Nf3 g6 3. d4 cxd4 4. Nxd4 Nc6 5. Nc3 Bg7 6. Nb3 Nf6 7. Be2 d6 8.
O-O O-O 9. Bg5 Be6 10. Kh1 Qc8 11. f4 Rd8 12. Bf3 a5 13. Nd5 Ra6 14. a4 Re8 15.
c3 Nd7 16. Be2 Ra8 17. Qd2 Qd8 18. Rad1 Rc8 19. Qe3 f6 20. Bh4 Bf7 21. f5 Nce5
22. Bb5 g5 23. Bg3 Rf8 24. Nd4 Nb6 25. Ne6 Nxd5 26. exd5 Bxe6 27. dxe6 Nc6 28.
Bxd6 exd6 29. Bxc6 Qe7 30. Bd7 Rc5 31. Qe4 Rb8 32. Rd5 b6 33. Rfd1 Bf8 34. h3
Qd8 35. Qd4 Be7 36. b4 Rxd5 37. Qxd5 Qc7 38. Bc6 Rc8 39. b5 Rb8 40. Qf3 Kg7 41.
Rd5 Rf8 42. Qh5 Qb8 43. h4 Qc7 44. Kg1 Qd8 45. Kf1 Qc7 46. Ke1 Qd8 47. Kd1 Qc7
48. Kc2 Qd8 49. Rd3 g4 50. Qxg4+ Kh8 51. Rg3 Rg8 52. Qxg8+ Qxg8 53. Rxg8+ Kxg8
54. Kd3 Kf8 55. Ke4 d5+ 56. Bxd5 Bc5 57. Kf3 Ba3 58. Kg4 Kg7 59. Kh5 h6 60. c4
Bc5 61. Bc6 Bb4 62. Kg4 Bc5 63. Kf3 Bb4 64. Kf4 Bc5 65. Ke4 Kf8 66. Kd5 Ke7 67.
Bd7 Bb4 68. Kc6 Bc5 69. Kb7 Kf8 70. Bc6 Bd6 71. Bf3 Ke7 72. Bh5 Bc5 73. Kc6 Bg1
74. Bf3 Bf2 75. g4 Bc5 76. Bg2 Bg1 77. Bd5 Bf2 78. Be4 Bg1 1/2-1/2

[Event "Lliga Catalana DH "]
[Site "?"]
[Date "2018.03.17"]
[Round "9.5"]
[White "Domenech Plana, Jaume"]
[Black "Arias Boo, Guillermo"]
[Result "1/2-1/2"]
[WhiteElo "2288"]
[BlackElo "2359"]
[PlyCount "73"]
[EventDate "2018.??.??"]
[SourceDate "2015.07.10"]
[WhiteTeam "GER"]
[BlackTeam "FOM"]

1. c4 Nf6 2. Nc3 g6 3. g3 Bg7 4. Bg2 O-O 5. b3 d6 6. e4 c5 7. Nge2 Nc6 8. O-O
Ne8 9. Rb1 Nc7 10. a3 Bg4 11. f3 Bd7 12. b4 b6 13. f4 Nd4 14. h3 Bc6 15. Kh2
Qd7 16. b5 Bb7 17. Nxd4 Bxd4 18. Ne2 Bg7 19. f5 Ne8 20. d3 e6 21. Be3 exf5 22.
exf5 Bxg2 23. Kxg2 d5 24. fxg6 hxg6 25. Nf4 dxc4 26. dxc4 Qxd1 27. Rbxd1 Nc7
28. a4 Rab8 29. Bd2 Rbd8 30. Be3 Rfe8 31. Rxd8 Rxd8 32. Re1 Rd7 33. Kf3 Kf8 34.
Re2 g5 35. Nh5 Ne6 36. Nxg7 Kxg7 37. Rd2 1/2-1/2

[Event "Lliga Catalana DH "]
[Site "?"]
[Date "2018.03.17"]
[Round "9.6"]
[White "Estrella Vidiella, Jordi"]
[Black "Mundet Riera, Jaume"]
[Result "1-0"]
[WhiteElo "2348"]
[BlackElo "2271"]
[PlyCount "89"]
[EventDate "2018.??.??"]
[SourceDate "2015.07.10"]
[WhiteTeam "FOM"]
[BlackTeam "GER"]

1. d4 Nf6 2. Bg5 Ne4 3. Bh4 c5 4. f3 Qa5+ 5. c3 Nf6 6. d5 d6 7. e4 Nbd7 8. Nd2
b5 9. a4 b4 10. Bb5 bxc3 11. bxc3 Qc7 12. f4 g6 13. Bxf6 exf6 14. Ngf3 Bg7 15.
Qc2 O-O 16. O-O a6 17. Bc6 Rb8 18. a5 Rd8 19. f5 g5 20. g4 h5 21. Nc4 hxg4 22.
Nfd2 Kh7 23. Qd1 Rh8 24. Qxg4 Kg8 25. Rab1 Rh4 26. Qg2 Ne5 27. Nxe5 dxe5 28.
Rxb8 Qxb8 29. Nc4 Qc7 30. Nb6 c4 31. Qe2 Bf8 32. Qxc4 Kg7 33. Rf3 Ba3 34. Kg2
Bc1 35. Qd3 Bf4 36. Rh3 Bxf5 37. exf5 e4 38. Qe2 Rxh3 39. Kxh3 Qd8 40. Qxe4
Qh8+ 41. Kg4 Qh4+ 42. Kf3 Qxh2 43. Qe2 Qh3+ 44. Ke4 Qxc3 45. Nc4 1-0

[Event "Lliga Catalana DH "]
[Site "?"]
[Date "2018.03.17"]
[Round "9.7"]
[White "Gonzalez Vericat, Sergi"]
[Black "Garrido Fernandez, Daniel"]
[Result "1/2-1/2"]
[WhiteElo "2257"]
[BlackElo "2304"]
[PlyCount "63"]
[EventDate "2018.??.??"]
[SourceDate "2015.07.10"]
[WhiteTeam "GER"]
[BlackTeam "FOM"]

1. b3 e5 2. Bb2 d6 3. e3 c5 4. d4 Nc6 5. dxe5 dxe5 6. Qxd8+ Kxd8 7. Nc3 Be6 8.
O-O-O+ Ke8 9. Nf3 f6 10. Ne4 Rc8 11. Be2 Nh6 12. Ba3 b6 13. Bb5 Nf7 14. h3 Be7
15. c4 f5 16. Nc3 e4 17. Ne1 Nfe5 18. f3 exf3 19. Nxf3 Nxf3 20. gxf3 Kf7 21.
Nd5 Nb4 22. Bxb4 cxb4 23. Nf4 Rc7 24. Nxe6 Kxe6 25. Rh2 Bc5 26. Re2 Kf6 27. Rd5
Re7 28. e4 fxe4 29. Rxe4 Rxe4 30. fxe4 Ke6 31. Bd7+ Ke7 32. Bg4 1/2-1/2

[Event "Lliga Catalana DH "]
[Site "?"]
[Date "2018.03.17"]
[Round "9.8"]
[White "Llaneza Vega, Patricia"]
[Black "Guso Llorca, Jordi"]
[Result "1/2-1/2"]
[WhiteElo "2298"]
[BlackElo "2249"]
[PlyCount "71"]
[EventDate "2018.??.??"]
[SourceDate "2015.07.10"]
[WhiteTeam "FOM"]
[BlackTeam "GER"]

1. e4 c6 2. d4 d5 3. Nc3 dxe4 4. Nxe4 Bf5 5. Ng3 Bg6 6. h4 h6 7. Nf3 Nd7 8. h5
Bh7 9. Bd3 Bxd3 10. Qxd3 Ngf6 11. Bd2 e6 12. O-O-O Be7 13. Ne4 Nxe4 14. Qxe4
Nf6 15. Qd3 Qd5 16. c4 Qe4 17. Qb3 O-O-O 18. Qa4 Ng4 19. Qxa7 Nxf2 20. Ne5 Bg5
21. Bxg5 hxg5 22. Rhf1 Qe3+ 23. Kb1 f6 24. Rfe1 Qf4 25. Ng6 Qf5+ 26. Ka1 Rhe8
27. Rd2 Nd3 28. Red1 Nf4 29. Rf2 Qe4 30. Nxf4 gxf4 31. a3 Rh8 32. Qa8+ Kc7 33.
Qa5+ Kc8 34. Qa8+ Kc7 35. Qa5+ Kc8 36. Qa8+ 1/2-1/2

[Event "Lliga Catalana DH "]
[Site "?"]
[Date "2018.03.17"]
[Round "9.9"]
[White "Carrasco Holgado, David"]
[Black "Chalmeta Ugas, Jordi"]
[Result "1-0"]
[WhiteElo "2229"]
[BlackElo "2293"]
[PlyCount "92"]
[EventDate "2018.??.??"]
[SourceDate "2015.07.10"]
[WhiteTeam "GER"]
[BlackTeam "FOM"]

1. e4 e6 2. d4 d5 3. Bd3 dxe4 4. Bxe4 Nf6 5. Bf3 c5 6. Ne2 Nc6 7. Be3 cxd4 8.
Nxd4 Ne5 9. Nc3 a6 10. O-O Nxf3+ 11. Qxf3 Bd6 12. Rad1 Qc7 13. h3 O-O 14. Rfe1
Rb8 15. Bg5 Nd7 16. Ne4 Be5 17. c3 Nc5 18. Nxc5 Bh2+ 19. Kh1 Qxc5 20. Be3 Qc7
21. g3 e5 22. Nb3 b6 23. Kxh2 Bb7 24. Qe2 Bc6 25. f3 f5 26. Bc1 Rbe8 27. Nd2 b5
28. Nb3 Ba8 29. Qd3 e4 30. Qd6 Qc4 31. Qc5 Qf7 32. f4 e3 33. Rxe3 Qb7 34. Rg1
Rc8 35. Qe7 Rc7 36. Qe6+ Kh8 37. Nd4 Rd7 38. Qxf5 Rfd8 39. Qc2 b4 40. Qe2 g6
41. Re8+ Kg7 42. Rxd8 Rxd8 43. f5 Rf8 44. fxg6 hxg6 45. Bf4 Qd5 46. Qe6 Qc5 1-0

[Event "Lliga Catalana DH "]
[Site "?"]
[Date "2018.03.17"]
[Round "9.10"]
[White "De La Riva Aguado, Jordi"]
[Black "Rovira Vila, Jaume"]
[Result "1/2-1/2"]
[WhiteElo "2309"]
[BlackElo "2177"]
[PlyCount "77"]
[EventDate "2018.??.??"]
[SourceDate "2015.07.10"]
[WhiteTeam "FOM"]
[BlackTeam "GER"]

1. d4 d5 2. Nf3 e6 3. e3 c6 4. Bd3 f5 5. O-O Nf6 6. Ne5 Bd6 7. b3 Qe7 8. Bb2
O-O 9. Nd2 Nbd7 10. f3 a5 11. a4 Kh8 12. Kh1 Qe8 13. Qe1 Be7 14. e4 Nh5 15.
exf5 Nxe5 16. dxe5 exf5 17. f4 c5 18. Be2 Be6 19. Qd1 g6 20. Nb1 Ng7 21. Nc3
Rd8 22. Nb5 Qd7 23. Qd2 Kg8 24. Qxa5 Ra8 25. Qd2 Rfd8 26. Rad1 h5 27. Bf3 Ne8
28. Qf2 Kf7 29. Rfe1 Nc7 30. Nd6+ Bxd6 31. exd6 Qxd6 32. Be5 Qb6 33. Qh4 Ne8
34. Qg5 d4 35. Qh6 Bd5 36. Qh7+ Kf8 37. Qh8+ Kf7 38. Qh7+ Kf8 39. Qh8+ 1/2-1/2

[Event "Lliga Catalana DH "]
[Site "?"]
[Date "2018.04.07"]
[Round "10.1"]
[White "Vazquez Schroeder, Rodrigo Rafael"]
[Black "Demuth, Adrien"]
[Result "1/2-1/2"]
[WhiteElo "2549"]
[BlackElo "2528"]
[PlyCount "27"]
[EventDate "2018.??.??"]
[WhiteTeam "CCS"]
[BlackTeam "MLL"]

1. d4 Nf6 2. Nf3 g6 3. c4 Bg7 4. g3 O-O 5. Bg2 d6 6. O-O c5 7. Nc3 Nc6 8. d5
Na5 9. Nd2 a6 10. Qc2 b5 11. cxb5 axb5 12. Nxb5 Qb6 13. Nc3 Bf5 14. Qd1 1/2-1/2

[Event "Lliga Catalana DH "]
[Site "?"]
[Date "2018.04.07"]
[Round "10.2"]
[White "Arenas Vanegas, David"]
[Black "Stella, Andrea"]
[Result "1-0"]
[WhiteElo "2495"]
[BlackElo "2429"]
[PlyCount "105"]
[EventDate "2018.??.??"]
[WhiteTeam "MLL"]
[BlackTeam "CCS"]

1. e4 e6 2. d4 d5 3. Nc3 Nf6 4. exd5 exd5 5. Bg5 Be7 6. Qd2 O-O 7. O-O-O c6 8.
Bd3 b5 9. f3 a5 10. h4 a4 11. Nce2 b4 12. g4 b3 13. a3 bxc2 14. Qxc2 Ba6 15.
Ng3 Bxd3 16. Rxd3 c5 17. dxc5 Nbd7 18. Nf5 Nxc5 19. Re3 Ne6 20. Kb1 Bc5 21. Rd3
Rc8 22. Qxa4 Bxg1 23. Rxg1 Nc5 24. Qd4 Nxd3 25. Qxd3 Re8 26. Rd1 h6 27. Be3 Re6
28. Bd4 Ne8 29. g5 hxg5 30. hxg5 Qxg5 31. Rg1 Qf4 32. Nxg7 Rg6 33. Rxg6 fxg6
34. Nxe8 Qc1+ 35. Ka2 Qc4+ 36. Qxc4 Rxc4 37. Be5 d4 38. Kb3 d3 39. Nf6+ Kf7 40.
Ne4 Rc6 41. Bc3 Ke6 42. Nf2 Rd6 43. Bd2 Kd5 44. Nxd3 Rf6 45. f4 Ke4 46. Nc5+
Kd5 47. Nd3 Ke4 48. Kc4 Rd6 49. Nc5+ Kf3 50. Ba5 Rc6 51. b4 Kxf4 52. b5 Rc8 53.
b6 1-0

[Event "Lliga Catalana DH "]
[Site "?"]
[Date "2018.04.07"]
[Round "10.3"]
[White "Gonzalez Garcia, Jose"]
[Black "Garriga Cazorla, Pere"]
[Result "1/2-1/2"]
[WhiteElo "2565"]
[BlackElo "2469"]
[PlyCount "63"]
[EventDate "2018.??.??"]
[WhiteTeam "CCS"]
[BlackTeam "MLL"]

1. d4 Nf6 2. Nf3 e6 3. c4 d5 4. Nc3 dxc4 5. e3 a6 6. Bxc4 b5 7. Be2 Bb7 8. O-O
Nbd7 9. Ne5 c5 10. Bf3 Qc7 11. Nxd7 Qxd7 12. dxc5 Qxd1 13. Rxd1 Bxf3 14. gxf3
Bxc5 15. a4 b4 16. Ne4 Nxe4 17. fxe4 Ke7 18. b3 Rhd8 19. Bb2 f6 20. Kf1 Rxd1+
21. Rxd1 Rc8 22. Rc1 Kd7 23. Ke2 a5 24. Rd1+ Ke8 25. Rc1 Kd7 26. h3 Bd6 27.
Rxc8 Kxc8 28. Kd3 Kd7 29. Kc4 Kc6 30. f4 e5 31. f5 Be7 32. Bc1 1/2-1/2

[Event "Lliga Catalana DH "]
[Site "?"]
[Date "2018.04.07"]
[Round "10.4"]
[White "Fernandez Diaz, Cristian"]
[Black "Comas Fabrego, Lluis"]
[Result "0-1"]
[WhiteElo "2349"]
[BlackElo "2556"]
[PlyCount "82"]
[EventDate "2018.??.??"]
[WhiteTeam "MLL"]
[BlackTeam "CCS"]

1. d4 Nf6 2. c4 e6 3. Nc3 Bb4 4. e3 O-O 5. Nge2 d5 6. a3 Bd6 7. Ng3 Nc6 8. c5
Bxg3 9. hxg3 e5 10. Be2 Re8 11. O-O e4 12. f4 exf3 13. gxf3 h5 14. Bd3 Bh3 15.
Rf2 Qd7 16. Qc2 Ne7 17. Rh2 Bf5 18. Bd2 Bxd3 19. Qxd3 Nf5 20. Kf2 Re7 21. Rah1
Rae8 22. g4 Nxe3 23. Bxe3 Rxe3 24. Qxe3 Rxe3 25. Kxe3 g6 26. gxh5 Nxh5 27. Rg1
Qf5 28. Rg4 c6 29. Rhg2 Kf8 30. Rh4 Qf6 31. Rhg4 Ng7 32. Rh2 Nf5+ 33. Kd3 Nh6
34. Rgh4 Qxf3+ 35. Kc2 Nf5 36. Rh8+ Kg7 37. R2h7+ Kf6 38. Rf8 Nxd4+ 39. Kb1
Qf5+ 40. Ka2 Qd7 41. Rhh8 Ne6 0-1

[Event "Lliga Catalana DH "]
[Site "?"]
[Date "2018.04.07"]
[Round "10.5"]
[White "Diaz Camallonga, Carles"]
[Black "Montilla Carrillo, Esteban"]
[Result "1-0"]
[WhiteElo "2489"]
[BlackElo "2315"]
[PlyCount "121"]
[EventDate "2018.??.??"]
[WhiteTeam "CCS"]
[BlackTeam "MLL"]

1. e4 e5 2. Nf3 Nc6 3. Bb5 a6 4. Ba4 Nf6 5. d3 Bc5 6. Nc3 b5 7. Bb3 h6 8. Nd5
d6 9. c3 O-O 10. O-O Rb8 11. Be3 Nxd5 12. Bxd5 Ne7 13. Bb3 Ng6 14. d4 Bb6 15.
a4 bxa4 16. Bxa4 Bb7 17. Bc2 Qf6 18. d5 Bc8 19. Nd2 Bxe3 20. fxe3 Qg5 21. Nc4
Bd7 22. Bd3 Nh4 23. Rf2 Bb5 24. Qe2 Rbe8 25. Nd2 Bxd3 26. Qxd3 f5 27. Raf1 f4
28. exf4 Rxf4 29. Qxa6 Rb8 30. Qa1 Rxf2 31. Rxf2 Qe3 32. Qb1 Ng6 33. g3 Nf8 34.
Qc2 Nh7 35. Nf1 Qg5 36. Qd3 Nf6 37. Ne3 Qg6 38. Nf5 Qg5 39. Kg2 Qg4 40. Nxh6+
gxh6 41. Rxf6 Rxb2+ 42. Rf2 Rxf2+ 43. Kxf2 Qh3 44. Kg1 Qg4 45. Kg2 Qg5 46. Qf3
Kg7 47. Kh3 h5 48. g4 h4 49. Qf5 Qd2 50. g5 Qxc3+ 51. Kg4 Qe3 52. Qf6+ Kg8 53.
Qd8+ Kg7 54. Qxc7+ Kg8 55. Qd8+ Kg7 56. Qf6+ Kg8 57. Kf5 Qf3+ 58. Ke6 Qxe4 59.
Qf7+ Kh8 60. g6 Qg4+ 61. Ke7 1-0

[Event "Lliga Catalana DH "]
[Site "?"]
[Date "2018.04.07"]
[Round "10.6"]
[White "Perales Galindo, Eduard"]
[Black "Romero Holmes, Alfonso"]
[Result "1/2-1/2"]
[WhiteElo "2323"]
[BlackElo "2533"]
[PlyCount "92"]
[EventDate "2018.??.??"]
[WhiteTeam "MLL"]
[BlackTeam "CCS"]

1. e4 c6 2. d4 d5 3. e5 Bf5 4. Nf3 e6 5. Be2 Nd7 6. O-O h6 7. Nbd2 Ne7 8. Nb3
Nc8 9. c3 Be7 10. Ne1 O-O 11. g4 Bh7 12. Ng2 c5 13. Be3 Ncb6 14. Nxc5 Nxc5 15.
dxc5 Nd7 16. b4 Nxe5 17. f4 Nc6 18. Bd3 f5 19. gxf5 Bxf5 20. Bxf5 Rxf5 21. b5
Na5 22. Bd4 Nc4 23. Qe2 Qd7 24. Rae1 Kf7 25. Rf3 Re8 26. Rg3 Bf8 27. Nh4 Rxf4
28. Qh5+ Kg8 29. Qxh6 e5 30. Qh5 Rxh4 31. Qxh4 exd4 32. Rxe8 Qxe8 33. Qxd4 Qe1+
34. Kg2 Qe2+ 35. Kg1 Qe1+ 36. Kg2 Qe2+ 37. Kg1 Ne5 38. Qxd5+ Kh7 39. Rh3+ Kg6
40. Rg3+ Kf6 41. Qd4 Qe1+ 42. Kg2 Qe2+ 43. Kg1 Kf5 44. Qd5 Qe1+ 45. Kg2 Qe2+
46. Kg1 Qe1+ 1/2-1/2

[Event "Lliga Catalana DH "]
[Site "?"]
[Date "2018.04.07"]
[Round "10.7"]
[White "Lorenzo de la Riva, Lazaro"]
[Black "Morros Faura, Ricard"]
[Result "1/2-1/2"]
[WhiteElo "2449"]
[BlackElo "2332"]
[PlyCount "118"]
[EventDate "2018.??.??"]
[WhiteTeam "CCS"]
[BlackTeam "MLL"]

1. d4 d6 2. g3 f5 3. Bg2 Nf6 4. c3 g6 5. Nh3 Bg7 6. Qb3 c6 7. Nf4 Qb6 8. Nd2
Qxb3 9. axb3 O-O 10. Nc4 Na6 11. h4 Bh8 12. d5 Ne4 13. Nd2 e5 14. dxe6 d5 15.
Nxe4 dxe4 16. Be3 Nc7 17. e7 Re8 18. Rxa7 Rxa7 19. Bxa7 Rxe7 20. e3 b5 21. Bc5
Rd7 22. b4 Kf7 23. Bf1 Ne6 24. Nxe6 Kxe6 25. Be2 h5 26. Bd1 Rb7 27. Bb3+ Kd7
28. Ke2 Ke8 29. Ra1 Be5 30. Ra6 Bd7 31. Ra8+ Rb8 32. Ra7 Rd8 33. Bd4 Bd6 34.
Bf6 Be7 35. Be5 Rc8 36. f3 Rd8 37. Bg7 Rc8 38. Bh6 Bd6 39. Bf4 Be7 40. Rb7 Ra8
41. Rb8+ Rxb8 42. Bxb8 g5 43. hxg5 Bxg5 44. Bc2 exf3+ 45. Kxf3 Ke7 46. Bf4 Bf6
47. e4 fxe4+ 48. Bxe4 Bg4+ 49. Ke3 Kd7 50. Bf3 Bxf3 51. Kxf3 Ke6 52. Ke4 Be7
53. Be5 Bg5 54. b3 Bd2 55. Bd4 Bg5 56. Be3 Bf6 57. Bd2 Be5 58. Be1 Bd6 59. Bf2
Be5 1/2-1/2

[Event "Lliga Catalana DH "]
[Site "?"]
[Date "2018.04.07"]
[Round "10.8"]
[White "Ronce, Nathan"]
[Black "Perpinya Rofes, Lluis Ma"]
[Result "1-0"]
[WhiteElo "2187"]
[BlackElo "2445"]
[PlyCount "75"]
[EventDate "2018.??.??"]
[WhiteTeam "MLL"]
[BlackTeam "CCS"]

1. e4 c5 2. Nf3 Nc6 3. d4 cxd4 4. Nxd4 e6 5. Nc3 d6 6. g4 Nge7 7. Bg5 a6 8. Nb3
h6 9. Be3 b5 10. Qe2 Bb7 11. O-O-O Ne5 12. Kb1 Nc4 13. Bc1 Rc8 14. Qd3 Qb6 15.
f4 Ng6 16. h4 Qf2 17. Ne2 Nxh4 18. Nbd4 Ng6 19. b3 Nce5 20. fxe5 Nxe5 21. Qh3
Bxe4 22. Be3 Qf6 23. Bg2 Bxg2 24. Qxg2 d5 25. Nf4 Bd6 26. g5 Qe7 27. gxh6 Rxh6
28. Qxg7 Rxh1 29. Rxh1 Kd7 30. Nh5 Ng6 31. Rf1 Rf8 32. Nf3 e5 33. Nf6+ Kc6 34.
Ng5 e4 35. Bd4 Ne5 36. Nfh7 Rd8 37. Nxf7 Rd7 38. Bxe5 1-0

[Event "Lliga Catalana DH "]
[Site "?"]
[Date "2018.04.07"]
[Round "10.9"]
[White "Rahal, Michael"]
[Black "Garcia Marin, Guillem"]
[Result "1-0"]
[WhiteElo "2433"]
[BlackElo "2188"]
[PlyCount "69"]
[EventDate "2018.??.??"]
[WhiteTeam "CCS"]
[BlackTeam "MLL"]

1. e4 e5 2. Nf3 Nf6 3. d4 Nxe4 4. Bd3 Nc6 5. dxe5 Nc5 6. Bf4 Be7 7. Bc4 O-O 8.
O-O b6 9. Nc3 Bb7 10. Re1 Ne6 11. Bg3 Bb4 12. Re3 Bxc3 13. Rxc3 Ne7 14. Nd4
Nxd4 15. Qxd4 Bc6 16. Qg4 Qc8 17. Qg5 Nd5 18. Bxd5 Bxd5 19. Re1 Qb7 20. Bh4
Rae8 21. Rg3 g6 22. Qh6 Qc6 23. Rc3 Qe6 24. f3 f6 25. exf6 Qf7 26. Rxe8 Rxe8
27. Rxc7 a5 28. Qg7+ Qxg7 29. fxg7 Bc6 30. Bf6 Kf7 31. Bd4 Rb8 32. Kf2 Ke6 33.
Bxb6 Kd6 34. Ra7 Bd5 35. Bc7+ 1-0